| 000 | 00512nam a2200181Ia 4500 | ||
|---|---|---|---|
| 001 | 4904 | ||
| 005 | 20260306145829.0 | ||
| 008 | 260306t1997||||xx |||||||||||||| ||spa|| | ||
| 041 | _aESP | ||
| 082 |
_a331.12 _bC61 |
||
| 100 |
_aCentro Interdisciplinario de Estudios sobre el Desarrollo Latinoamericano _eAUT |
||
| 245 | 0 | _aMercados laborales en los 90. Cinco ejemplos de América Latina | |
| 260 | _c1997 | ||
| 300 |
_a421 páginas : _c21 cm. |
||
| 650 | _aGEN | ||
| 654 | _aCAN | ||
| 942 |
_cLIB _dJUS _fJUS _2ddc _n |
||
| 999 |
_c4904 _d4904 |
||